[Event "Titled Tuesday intern op 14th Jan Early"]
[Site "Chess.com INT"]
[Date "2025.01.14"]
[Round "5"]
[White "Demin, Vladimir"]
[Black "Vinter Schou, Uffe"]
[Result "0-1"]
[WhiteElo "2430"]
[BlackElo "2314"]
[PlyCount "136"]
[EventDate "2025.01.14"]
[EventType "swiss (blitz)"]
[EventRounds "11"]
[EventCountry "USA"]
[SourceTitle "CB04_2025"]
[SourceDate "2025.01.22"]
[SourceVersion "1"]
[SourceVersionDate "2025.01.22"]
[SourceQuality "1"]

1. e4 g6 2. d4 Bg7 3. Nc3 c6 4. Nf3 d5 5. h3 Nf6 6. Bd3 dxe4 7. Nxe4 Nbd7 8. 0-0 0-0 9. c3 Qc7 10. Re1 Nxe4 11. Bxe4 Nf6 12. Bd3 Bf5 13. a4 Rad8 14. Qc2 Bxd3 15. Qxd3 c5 16. Qc4 Rd5 17. Be3 b6 18. a5 Rfd8 19. b4 Ne4 20. axb6 axb6 21. Rec1 b5 22. Qxb5 cxd4 23. Qd3 Nxc3 24. Bd2 Qb6 25. Qc4 Qb5 26. Qxb5 Rxb5 27. Bxc3 dxc3 28. Rab1 Rd3 29. Ne1 Rd2 30. Nc2 h5 31. Ne3 Rb2 32. Nc2 Bh6 33. Rxb2 cxb2 34. Rb1 Bg7 35. Kf1 Kf8 36. Ke2 Ke8 37. Kd3 Kd7 38. Kc4 Kc6 39. Na3 Re5 40. Nc2 Re4+ 41. Kd3 f5 42. f3 Rh4 43. Ne3 Kb5 44. Nc2 e5 45. Ke2 e4 46. Ke3 exf3 47. Kxf3 Rc4 48. Na3+ Kxb4 49. Nxc4 Kxc4 50. Kf4 Bf6 51. Rxb2 Bxb2 52. Kg5 Kd5 53. Kxg6 Ke6 54. Kxh5 Kf6 55. Kh4 Bd4 56. Kg3 Kg5 57. Kf3 Be5 58. g3 Kg6 59. g4 f4 60. h4 Kh6 61. Ke4 Bc7 62. Kf3 Kg6 63. Ke4 Kf6 64. Kf3 Ke5 65. h5 Kf6 66. h6 Kg6 67. g5 Be5 68. Ke4 Bd6 0-1

[Event "Titled Tuesday intern op 28th May Early"]
[Site "Chess.com INT"]
[Date "2024.05.28"]
[Round "3"]
[White "Viskelis, Darius"]
[Black "Demin, Vladimir"]
[Result "0-1"]
[WhiteElo "2167"]
[BlackElo "2430"]
[PlyCount "128"]
[EventDate "2024.05.28"]
[EventType "swiss (blitz)"]
[EventRounds "11"]
[EventCountry "USA"]
[SourceTitle "EXT 2025"]
[Source "ChessBase"]
[SourceDate "2024.10.14"]
[SourceVersion "1"]
[SourceVersionDate "2024.10.14"]
[SourceQuality "1"]

1. e4 e5 2. Nf3 Nc6 3. d4 exd4 4. Nxd4 Nf6 5. Nxc6 bxc6 6. Bd3 d5 7. exd5 cxd5 8. 0-0 Be7 9. c4 0-0 10. cxd5 Qxd5 11. Be2 Bb7 12. Qxd5 Bxd5 13. Nc3 Bb7 14. Be3 a6 15. Rac1 Bd6 16. Na4 Nd5 17. Bc5 Nf4 18. Bd1 Bxg2 19. Re1 Bb7 20. Bxd6 cxd6 21. Rc7 Rab8 22. Ree7 Bd5 23. Nc3 Be6 24. Ra7 Rxb2 25. Rxa6 Nh3+ 26. Kg2 Nxf2 27. Kg3 g5 28. Bb3 Nh1+ 29. Kf3 Bxb3 30. axb3 Rxb3 31. Kg2 Rxc3 32. Kxh1 Rd3 33. Kg2 Kg7 34. Ra5 h6 35. Rd7 Kg6 36. Raa7 Rd5 37. Kf2 h5 38. Kg2 h4 39. h3 Rd3 40. Ra6 f6 41. Rdxd6 Rxd6 42. Rxd6 Rc8 43. Ra6 Rc3 44. Kh2 Rg3 45. Ra7 f5 46. Ra6+ Kh5 47. Ra5 Rf3 48. Ra8 g4 49. Rh8+ Kg5 50. Rg8+ Kf4 51. hxg4 fxg4 52. Rh8 Rh3+ 53. Kg2 Rg3+ 54. Kh2 Rh3+ 55. Kg2 Ra3 56. Rf8+ Ke4 57. Re8+ Kf5 58. Rf8+ Ke6 59. Rg8 Ra2+ 60. Kg1 Kf5 61. Rh8 Kg5 62. Kh1 Kf4 63. Rg8 Kg3 64. Kg1 Ra1# 0-1

[Event "Titled Tuesday intern op 14th May Early"]
[Site "Chess.com INT"]
[Date "2024.05.14"]
[Round "3"]
[White "Naymanova, Patricie"]
[Black "Demin, Vladimir"]
[Result "0-1"]
[WhiteElo "2020"]
[BlackElo "2430"]
[PlyCount "102"]
[EventDate "2024.05.14"]
[EventType "swiss (blitz)"]
[EventRounds "11"]
[EventCountry "USA"]
[SourceTitle "EXT 2025"]
[Source "ChessBase"]
[SourceDate "2024.10.14"]
[SourceVersion "1"]
[SourceVersionDate "2024.10.14"]
[SourceQuality "1"]

1. d4 Nf6 2. c4 e6 3. Nf3 d5 4. g3 Be7 5. Bg2 0-0 6. 0-0 dxc4 7. Qc2 b5 8. a4 Bb7 9. axb5 a6 10. Nc3 axb5 11. Rxa8 Bxa8 12. Nxb5 Bd5 13. Ne5 Bxg2 14. Kxg2 Qd5+ 15. e4 Qxb5 16. Nxc4 Nxe4 17. Qxe4 Qxc4 18. Bf4 c5 19. Rd1 cxd4 20. Rxd4 Qc6 21. Qxc6 Nxc6 22. Rc4 Rc8 23. Bd2 Bf6 24. b3 Kf8 25. Be3 Ke8 26. b4 Ne7 27. Re4 Rb8 28. Bc5 Nd5 29. Rg4 g6 30. h4 h5 31. Re4 Be7 32. Rc4 Nxb4 33. Be3 Nd5 34. Bd4 Kd7 35. Ra4 Bd6 36. Ra7+ Bc7 37. Be5 f6 38. Bd4 Rb4 39. Bc5 Rb2 40. Ra6 f5 41. Bd4 Rb4 42. Bg7 Bb6 43. Ra2 f4 44. Kh3 fxg3 45. fxg3 Rb3 46. Be5 Ne3 47. Rd2+ Nd5 48. Ra2 Re3 49. Bb8 Bc7 50. Ra7 Rxg3+ 51. Kh2 Ra3+ 0-1

[Event "Titled Tuesday intern op 14th May Early"]
[Site "Chess.com INT"]
[Date "2024.05.14"]
[Round "4"]
[White "Nenezic, Marko"]
[Black "Demin, Vladimir"]
[Result "1-0"]
[WhiteElo "2496"]
[BlackElo "2430"]
[PlyCount "57"]
[EventDate "2024.05.14"]
[EventType "swiss (blitz)"]
[EventRounds "11"]
[EventCountry "USA"]
[SourceTitle "EXT 2025"]
[Source "ChessBase"]
[SourceDate "2024.10.14"]
[SourceVersion "1"]
[SourceVersionDate "2024.10.14"]
[SourceQuality "1"]

1. d4 Nf6 2. c4 e6 3. Nc3 d5 4. cxd5 exd5 5. Bg5 Be7 6. e3 0-0 7. Bd3 h6 8. Bh4 Bg4 9. Nge2 c5 10. dxc5 Nc6 11. h3 Bh5 12. g4 Bg6 13. Bxg6 fxg6 14. Bxf6 Bxf6 15. Qxd5+ Qxd5 16. Nxd5 Bxb2 17. Rb1 Ba3 18. Rxb7 Bxc5 19. Rc7 Ne5 20. 0-0 Nf3+ 21. Kg2 Nh4+ 22. Kh1 Bd6 23. Rd7 Bc5 24. Nef4 Rae8 25. Rc1 g5 26. Rxc5 Rxf4 27. exf4 Re1+ 28. Kh2 Rf1 29. Nf6+ 1-0

[Event "Titled Tuesday intern op 07th May Early"]
[Site "Chess.com INT"]
[Date "2024.05.07"]
[Round "4"]
[White "Demin, Vladimir"]
[Black "Pakleza, Zbigniew"]
[Result "0-1"]
[WhiteElo "2430"]
[BlackElo "2489"]
[PlyCount "46"]
[EventDate "2024.05.07"]
[EventType "swiss (blitz)"]
[EventRounds "11"]
[EventCountry "USA"]
[SourceTitle "EXT 2025"]
[Source "ChessBase"]
[SourceDate "2024.10.14"]
[SourceVersion "1"]
[SourceVersionDate "2024.10.14"]
[SourceQuality "1"]

1. d4 d6 2. e4 Nf6 3. Nc3 c6 4. Nf3 Bg4 5. Be3 e6 6. Be2 Be7 7. h3 Bh5 8. a4 d5 9. e5 Nfd7 10. 0-0 c5 11. Nb1 cxd4 12. Bxd4 Nc6 13. Re1 0-0 14. c3 Qc7 15. Bd3 Bxf3 16. Qxf3 Nxd4 17. cxd4 Qb6 18. Qg4 Qxb2 19. h4 Qxa1 20. Re3 Rfc8 21. Rg3 g6 22. h5 Rc1+ 23. Kh2 Rxb1 0-1

[Event "Titled Tuesday intern op 07th May Early"]
[Site "Chess.com INT"]
[Date "2024.05.07"]
[Round "6"]
[White "Paiva, Henrique MA Alberg"]
[Black "Demin, Vladimir"]
[Result "0-1"]
[WhiteElo "2064"]
[BlackElo "2430"]
[PlyCount "52"]
[EventDate "2024.05.07"]
[EventType "swiss (blitz)"]
[EventRounds "11"]
[EventCountry "USA"]
[SourceTitle "EXT 2025"]
[Source "ChessBase"]
[SourceDate "2024.10.14"]
[SourceVersion "1"]
[SourceVersionDate "2024.10.14"]
[SourceQuality "1"]

1. e4 e5 2. Nf3 Nc6 3. Bb5 a6 4. Ba4 Nf6 5. 0-0 Nxe4 6. Re1 Nc5 7. Bxc6 dxc6 8. Nxe5 Ne6 9. c3 Be7 10. d4 0-0 11. Nd2 f6 12. Nef3 Re8 13. Qb3 Bd6 14. Ne4 a5 15. a4 Kh8 16. Bd2 Nf8 17. Bh6 Be6 18. Bxg7+ Kxg7 19. Qxb7 Bd5 20. Ng3 Qd7 21. Nh4 Reb8 22. Nhf5+ Kh8 23. Nxd6 Qxd6 24. Nf5 Qd7 25. Re7 Rxb7 26. Rxd7 Nxd7 0-1

[Event "Titled Tuesday intern op 09th Apr Early"]
[Site "Chess.com INT"]
[Date "2024.04.09"]
[Round "3"]
[White "Demin, Vladimir"]
[Black "Bogaudinov, Rushan"]
[Result "0-1"]
[WhiteElo "2430"]
[BlackElo "1912"]
[PlyCount "144"]
[EventDate "2024.04.09"]
[EventType "swiss (blitz)"]
[EventRounds "11"]
[EventCountry "USA"]
[SourceTitle "EXT 2025"]
[Source "ChessBase"]
[SourceDate "2024.10.14"]
[SourceVersion "1"]
[SourceVersionDate "2024.10.14"]
[SourceQuality "1"]

1. d4 Nf6 2. Nc3 d5 3. Bf4 c6 4. e3 Bf5 5. f3 Bg6 6. g4 e6 7. h4 h5 8. g5 Ng8 9. Bd3 Ne7 10. Nge2 Bxd3 11. Qxd3 Ng6 12. Bg3 Nd7 13. 0-0-0 b5 14. e4 b4 15. Nb1 Qa5 16. f4 dxe4 17. Qxe4 Ne7 18. Be1 Qd5 19. Ng3 Qxe4 20. Nxe4 Nd5 21. Bd2 a5 22. Rhf1 g6 23. c4 bxc3 24. bxc3 N7b6 25. Rde1 Be7 26. Kc2 0-0 27. Kd3 Rfd8 28. Bc1 c5 29. Ba3 cxd4 30. Bxe7 Nxe7 31. cxd4 Nf5 32. Nf6+ Kg7 33. Re4 Nxh4 34. Nc3 Nf5 35. Rb1 Ra6 36. Nb5 Nd5 37. Nxd5 exd5 38. Ree1 Rb6 39. a4 Rc8 40. Rbc1 Rxc1 41. Rxc1 Re6 42. Kd2 h4 43. Nc3 Rc6 44. Rh1 Nxd4 45. Nxd5 Nf5 46. Ne3 Rd6+ 47. Ke2 Re6 48. Rh3 Rxe3+ 49. Rxe3 Nxe3 50. Kxe3 Kf8 51. Kf3 Ke7 52. Kg4 Kd6 53. Kxh4 Kc5 54. Kg4 Kb4 55. f5 Kxa4 56. fxg6 fxg6 57. Kf4 Kb4 58. Ke5 a4 59. Kf6 a3 60. Kxg6 a2 61. Kf7 a1Q 62. g6 Qa7+ 63. Kf8 Qb8+ 64. Kf7 Qc7+ 65. Kf8 Qd8+ 66. Kf7 Qd5+ 67. Kf8 Qf5+ 68. Kg7 Kc5 69. Kh8 Qh5+ 70. Kg7 Kd6 71. Kf6 Qf3+ 72. Kg7 Ke7 0-1

[Event "Titled Tuesday intern op 09th Apr Early"]
[Site "Chess.com INT"]
[Date "2024.04.09"]
[Round "8"]
[White "Santeramo, Alessia Carmen"]
[Black "Demin, Vladimir"]
[Result "1-0"]
[WhiteElo "2162"]
[BlackElo "2430"]
[PlyCount "47"]
[EventDate "2024.04.09"]
[EventType "swiss (blitz)"]
[EventRounds "11"]
[EventCountry "USA"]
[SourceTitle "EXT 2025"]
[Source "ChessBase"]
[SourceDate "2024.10.14"]
[SourceVersion "1"]
[SourceVersionDate "2024.10.14"]
[SourceQuality "1"]

1. e4 e5 2. Nf3 Nc6 3. Bb5 a6 4. Ba4 Nf6 5. 0-0 Nxe4 6. d4 b5 7. Bb3 d5 8. dxe5 Be6 9. Be3 Bc5 10. Bxc5 Nxc5 11. c3 d4 12. cxd4 Nxd4 13. Nxd4 Qh4 14. Nxe6 fxe6 15. Qf3 Ke7 16. Nc3 Rad8 17. Qc6 Nxb3 18. axb3 Rhe8 19. Rxa6 Kf8 20. Qxc7 Kg8 21. Ra7 Qg4 22. Ne4 Kh8 23. h3 Qg6 24. Nd6 1-0

[Event "Titled Tuesday intern op 19th Mar Early"]
[Site "Chess.com INT"]
[Date "2024.03.19"]
[Round "1"]
[White "Demin, Vladimir"]
[Black "Blokhin, Sofia"]
[Result "0-1"]
[WhiteElo "2430"]
[BlackElo "1964"]
[PlyCount "72"]
[EventDate "2024.03.19"]
[EventType "swiss (blitz)"]
[EventRounds "11"]
[EventCountry "USA"]
[SourceTitle "EXT 2025"]
[Source "ChessBase"]
[SourceDate "2024.10.14"]
[SourceVersion "1"]
[SourceVersionDate "2024.10.14"]
[SourceQuality "1"]

1. d4 f5 2. g3 Nf6 3. Bg2 g6 4. Nd2 Bg7 5. e4 fxe4 6. Nxe4 0-0 7. Ne2 d6 8. 0-0 Nc6 9. c3 e5 10. Bg5 h6 11. Nxf6+ Bxf6 12. Bxh6 Re8 13. dxe5 Nxe5 14. Nd4 g5 15. Qc2 Qe7 16. Bd5+ Kh8 17. f4 Ng4 18. fxg5 Bxd4+ 19. cxd4 Ne3 20. Rae1 Bh3 21. Rf7 Qxf7 22. Bxf7 Nxc2 23. Rxe8+ Rxe8 24. Bxe8 Nxd4 25. g6 Nf3+ 26. Kf2 Ne5 27. Bf7 Ng4+ 28. Kf3 Nxh6 29. Be8 Kg7 30. Kf4 Bf5 31. Kg5 Bb1 32. a4 d5 33. a5 d4 34. h4 d3 35. h5 Bc2 36. a6 bxa6 0-1

[Event "Titled Tuesday intern op 19th Mar Early"]
[Site "Chess.com INT"]
[Date "2024.03.19"]
[Round "2"]
[White "Dilmukhametov, Artur"]
[Black "Demin, Vladimir"]
[Result "0-1"]
[WhiteElo "2276"]
[BlackElo "2430"]
[PlyCount "46"]
[EventDate "2024.03.19"]
[EventType "swiss (blitz)"]
[EventRounds "11"]
[EventCountry "USA"]
[SourceTitle "EXT 2025"]
[Source "ChessBase"]
[SourceDate "2024.10.14"]
[SourceVersion "1"]
[SourceVersionDate "2024.10.14"]
[SourceQuality "1"]

1. Nf3 d5 2. c4 e6 3. Nc3 d4 4. Nb5 c5 5. d3 a6 6. Na3 Nc6 7. g3 e5 8. Bg2 Nf6 9. Nd2 Be7 10. 0-0 0-0 11. Nc2 Bf5 12. a3 a5 13. Rb1 a4 14. Nf3 h6 15. Bd2 e4 16. dxe4 Nxe4 17. e3 Re8 18. exd4 cxd4 19. Bf4 Bf6 20. Re1 Qd7 21. Rc1 Rad8 22. Nd2 Nc5 23. Nf3 Nd3 0-1

[Event "Titled Tuesday intern op 12th Mar Early"]
[Site "Chess.com INT"]
[Date "2024.03.12"]
[Round "6"]
[White "Demin, Vladimir"]
[Black "Tsatsalashvili, Ketevan"]
[Result "1-0"]
[WhiteElo "2430"]
[BlackElo "2315"]
[PlyCount "127"]
[EventDate "2024.03.12"]
[EventType "swiss (blitz)"]
[EventRounds "11"]
[EventCountry "USA"]
[SourceTitle "CBM 219 Extra"]
[Source "ChessBase"]
[SourceDate "2024.05.31"]
[SourceVersion "1"]
[SourceVersionDate "2024.05.31"]
[SourceQuality "1"]

1. d4 Nf6 2. Nc3 d5 3. Bf4 a6 4. e3 g6 5. Nf3 Bg7 6. Ne5 0-0 7. Be2 Nbd7 8. h4 h6 9. g4 Nxe5 10. Bxe5 Ne4 11. Bxg7 Kxg7 12. Nxe4 dxe4 13. Qd2 c5 14. 0-0-0 Qc7 15. Qc3 Kh7 16. dxc5 Be6 17. h5 g5 18. Bc4 Bxg4 19. Rd5 Bf3 20. Rg1 e6 21. Rd2 Qxc5 22. Bxe6 Qxc3 23. Bf5+ Kg7 24. bxc3 Rfd8 25. Rd4 Rxd4 26. cxd4 Kf6 27. Bg4 Bxg4 28. Rxg4 b5 29. Rxe4 Kf5 30. f3 Ra7 31. Re5+ Kf6 32. Rc5 Re7 33. Kd2 Re6 34. e4 Rb6 35. Ke3 Ke6 36. Rf5 f6 37. Rc5 a5 38. Kd3 Rb7 39. Rc6+ Ke7 40. d5 a4 41. Re6+ Kf7 42. Ra6 Ke7 43. c3 Kf7 44. a3 Ke7 45. Kd4 Kf7 46. Ra8 Rc7 47. Rb8 Rc4+ 48. Kd3 Rc5 49. Rb7+ Ke8 50. Rh7 b4 51. axb4 Rb5 52. Ra7 f5 53. Rxa4 g4 54. c4 Rb7 55. exf5 g3 56. b5 Rf7 57. Ra8+ Ke7 58. Ke4 Kf6 59. Rg8 Re7+ 60. Kf4 Rc7 61. Rg6+ Kf7 62. Kxg3 Rxc4 63. b6 Rb4 64. Rxh6 1-0

[Event "Titled Tuesday intern op 12th Mar Early"]
[Site "Chess.com INT"]
[Date "2024.03.12"]
[Round "8"]
[White "Ventura Bolet, Maxim"]
[Black "Demin, Vladimir"]
[Result "0-1"]
[WhiteElo "2247"]
[BlackElo "2430"]
[PlyCount "54"]
[EventDate "2024.03.12"]
[EventType "swiss (blitz)"]
[EventRounds "11"]
[EventCountry "USA"]
[SourceTitle "CBM 219 Extra"]
[Source "ChessBase"]
[SourceDate "2024.05.31"]
[SourceVersion "1"]
[SourceVersionDate "2024.05.31"]
[SourceQuality "1"]

1. e4 e5 2. Bc4 Nf6 3. Nc3 Nc6 4. d3 Na5 5. Nf3 Nxc4 6. dxc4 Bb4 7. Qd3 d6 8. Bd2 h6 9. 0-0-0 Be6 10. Nd5 Bxd2+ 11. Nxd2 Nd7 12. Qg3 0-0 13. h4 f5 14. f4 fxe4 15. Nxe4 Bxd5 16. cxd5 Rxf4 17. Nc3 Qf6 18. Kb1 Rf8 19. Nb5 Qd8 20. Nxa7 Nc5 21. Nb5 Rb4 22. Nc3 Qa8 23. Rhf1 Rxf1 24. Rxf1 Qa3 25. b3 Na4 26. Nd1 Rd4 27. bxa4 Qxg3 0-1

[Event "Titled Tuesday intern op 20th Feb Early"]
[Site "Chess.com INT"]
[Date "2024.02.20"]
[Round "8"]
[White "Demin, Vladimir"]
[Black "Sattarov, Bobir"]
[Result "1-0"]
[WhiteElo "2430"]
[BlackElo "2351"]
[PlyCount "81"]
[EventDate "2024.02.20"]
[EventType "swiss (blitz)"]
[EventRounds "11"]
[EventCountry "USA"]
[SourceTitle "EXT 2025"]
[Source "ChessBase"]
[SourceDate "2024.10.14"]
[SourceVersion "1"]
[SourceVersionDate "2024.10.14"]
[SourceQuality "1"]

1. d4 Nf6 2. Nc3 d5 3. Bf4 a6 4. e3 b5 5. Nf3 e6 6. Ne5 c5 7. g4 Qb6 8. g5 Nfd7 9. h4 Nxe5 10. Bxe5 Nc6 11. Bh3 Nxe5 12. dxe5 Bb7 13. Ne2 d4 14. 0-0 Rd8 15. exd4 cxd4 16. Bg2 Bxg2 17. Kxg2 Qc6+ 18. f3 Qc5 19. f4 g6 20. Qd3 h6 21. a4 hxg5 22. hxg5 Qc6+ 23. Rf3 Bc5 24. axb5 axb5 25. Ra5 Rb8 26. Ng3 Kf8 27. Ne4 Bb6 28. Rxb5 Kg7 29. Rb4 Rh4 30. Rc4 Qd5 31. Nf6 Qb5 32. Rh3 Rhh8 33. b3 Qa5 34. Rc6 Rxh3 35. Qxh3 Qd2+ 36. Kf1 Qd1+ 37. Kg2 Qe2+ 38. Kh1 Qe1+ 39. Kg2 Qd2+ 40. Kg3 Qe1+ 41. Kf3 1-0

[Event "Titled Tuesday intern op 20th Feb Early"]
[Site "Chess.com INT"]
[Date "2024.02.20"]
[Round "4"]
[White "Mendonca, Leon Luke"]
[Black "Demin, Vladimir"]
[Result "1-0"]
[WhiteElo "2631"]
[BlackElo "2430"]
[PlyCount "83"]
[EventDate "2024.02.20"]
[EventType "swiss (blitz)"]
[EventRounds "11"]
[EventCountry "USA"]
[SourceTitle "EXT 2025"]
[Source "ChessBase"]
[SourceDate "2024.10.14"]
[SourceVersion "1"]
[SourceVersionDate "2024.10.14"]
[SourceQuality "1"]

1. c4 Nf6 2. Nc3 e6 3. Nf3 d5 4. e3 c5 5. cxd5 exd5 6. d4 Nc6 7. Bb5 cxd4 8. Nxd4 Bd7 9. 0-0 Bd6 10. Nf3 Be6 11. b3 0-0 12. Bb2 a6 13. Be2 Ne4 14. Rc1 Re8 15. Qd3 Nc5 16. Qd2 Ne4 17. Qd3 Nc5 18. Qb1 Qe7 19. Rfd1 Red8 20. Bf1 Rac8 21. Ne2 Ne4 22. Ng3 Bg4 23. Be2 Bb8 24. Qa1 f6 25. Qb1 f5 26. Ba1 f4 27. Nf1 Kh8 28. Qb2 Bh5 29. Re1 Qf7 30. Rcd1 fxe3 31. Nxe3 d4 32. Nf1 Nc3 33. Rd3 Nxe2+ 34. Qxe2 Re8 35. Qd2 Rxe1 36. Qxe1 Re8 37. Qc1 Qg6 38. Qd1 Bg4 39. Bxd4 Nxd4 40. Rxd4 Rf8 41. Ng3 Bxf3 42. Qxf3 1-0

[Event "Titled Tuesday intern op 20th Feb Early"]
[Site "Chess.com INT"]
[Date "2024.02.20"]
[Round "11"]
[White "Razafindratsima, Timothe"]
[Black "Demin, Vladimir"]
[Result "1-0"]
[WhiteElo "2432"]
[BlackElo "2430"]
[PlyCount "65"]
[EventDate "2024.02.20"]
[EventType "swiss (blitz)"]
[EventRounds "11"]
[EventCountry "USA"]
[SourceTitle "EXT 2025"]
[Source "ChessBase"]
[SourceDate "2024.10.14"]
[SourceVersion "1"]
[SourceVersionDate "2024.10.14"]
[SourceQuality "1"]

1. e4 e5 2. Nf3 Nc6 3. Bb5 a6 4. Ba4 Nf6 5. d3 Bc5 6. Nc3 d6 7. Nd5 b5 8. Bb3 Na5 9. Bg5 c6 10. Nxf6+ gxf6 11. Bh6 Rg8 12. 0-0 Bg4 13. Kh1 f5 14. exf5 Qf6 15. Be3 Nxb3 16. axb3 Qxf5 17. Bxc5 dxc5 18. Re1 f6 19. Re3 Kf7 20. Qe1 Qg6 21. Qf1 h5 22. Nd2 h4 23. h3 Be6 24. Ne4 Bd5 25. c4 Bxe4 26. Rxe4 Rgd8 27. Rxh4 Rxd3 28. Qe2 Rg8 29. Rg4 Qf5 30. Rxg8 Kxg8 31. Rxa6 Rxb3 32. Rxc6 bxc4 33. Qxc4+ 1-0

[Event "Titled Tuesday intern op 06th Feb Early"]
[Site "Chess.com INT"]
[Date "2024.02.06"]
[Round "6"]
[White "Demin, Vladimir"]
[Black "Cubas, Jose Fernando"]
[Result "1-0"]
[WhiteElo "2430"]
[BlackElo "2427"]
[PlyCount "45"]
[EventDate "2024.02.06"]
[EventType "swiss (blitz)"]
[EventRounds "11"]
[EventCountry "USA"]
[SourceTitle "CBM 218 Extra"]
[Source "ChessBase"]
[SourceDate "2024.03.31"]
[SourceVersion "1"]
[SourceVersionDate "2024.03.31"]
[SourceQuality "1"]

1. d4 Nf6 2. Nc3 g6 3. e4 d6 4. Nf3 Bg7 5. Be3 0-0 6. Qd2 Ng4 7. Bg5 h6 8. Bh4 g5 9. Bg3 f5 10. exf5 Bxf5 11. h4 gxh4 12. Bc4+ d5 13. Bxd5+ e6 14. Bxh4 Qc8 15. Bc4 c5 16. d5 a6 17. a4 Qe8 18. 0-0 e5 19. Rae1 e4 20. Bg3 Qh5 21. Nh4 Nd7 22. Nxe4 Qg6 23. Nxg6 1-0

[Event "Titled Tuesday intern op 06th Feb Early"]
[Site "Chess.com INT"]
[Date "2024.02.06"]
[Round "2"]
[White "Demin, Vladimir"]
[Black "Delgado Kuffo, Andres"]
[Result "1-0"]
[WhiteElo "2430"]
[BlackElo "2320"]
[PlyCount "53"]
[EventDate "2024.02.06"]
[EventType "swiss (blitz)"]
[EventRounds "11"]
[EventCountry "USA"]
[SourceTitle "CBM 218 Extra"]
[Source "ChessBase"]
[SourceDate "2024.03.31"]
[SourceVersion "1"]
[SourceVersionDate "2024.03.31"]
[SourceQuality "1"]

1. d4 Nf6 2. Nc3 e6 3. e4 d5 4. Bg5 Bb4 5. e5 h6 6. Bd2 Bxc3 7. bxc3 Ne4 8. Bc1 c5 9. Ne2 Qa5 10. f3 cxd4 11. fxe4 dxc3 12. exd5 exd5 13. Nd4 Nc6 14. Nxc6 bxc6 15. Bd3 0-0 16. 0-0 c5 17. Qh5 c4 18. Bf5 g6 19. Bxg6 Qb6+ 20. Kh1 Qxg6 21. Qh4 Bf5 22. Bxh6 Be4 23. Qh3 Rfe8 24. Rf4 f5 25. exf6 Kf7 26. Qd7+ Kg8 27. f7+ 1-0

[Event "Titled Tuesday intern op 06th Feb Early"]
[Site "Chess.com INT"]
[Date "2024.02.06"]
[Round "1"]
[White "Vachier Lagrave, Maxime"]
[Black "Demin, Vladimir"]
[Result "1-0"]
[WhiteElo "2732"]
[BlackElo "2430"]
[PlyCount "41"]
[EventDate "2024.02.06"]
[EventType "swiss (blitz)"]
[EventRounds "11"]
[EventCountry "USA"]
[SourceTitle "CBM 218 Extra"]
[Source "ChessBase"]
[SourceDate "2024.03.31"]
[SourceVersion "1"]
[SourceVersionDate "2024.03.31"]
[SourceQuality "1"]

1. e4 e5 2. Nf3 Nc6 3. Bc4 Bc5 4. c3 Nf6 5. d3 a6 6. 0-0 d6 7. Bg5 h6 8. Bh4 Ba7 9. d4 g5 10. dxe5 Nxe4 11. Re1 Bf5 12. exd6 0-0 13. Nbd2 Nxd2 14. Qxd2 gxh4 15. Qf4 Bh7 16. dxc7 Qc8 17. Rad1 Qf5 18. Qxh6 Bb6 19. Rd5 Qc2 20. Rg5+ Kh8 21. Qf6# 1-0

[Event "Titled Tuesday intern op 30th Jan Early"]
[Site "Chess.com INT"]
[Date "2024.01.30"]
[Round "2"]
[White "Demin, Vladimir"]
[Black "Esipenko, Andrey"]
[Result "0-1"]
[WhiteElo "2430"]
[BlackElo "2704"]
[PlyCount "128"]
[EventDate "2024.01.30"]
[EventType "swiss (blitz)"]
[EventRounds "11"]
[EventCountry "USA"]
[SourceTitle "EXT 2025"]
[Source "ChessBase"]
[SourceDate "2024.10.14"]
[SourceVersion "1"]
[SourceVersionDate "2024.10.14"]
[SourceQuality "1"]

1. d4 Nf6 2. Nc3 d5 3. Bf4 c5 4. e4 cxd4 5. Qxd4 Nc6 6. Bb5 Bd7 7. Bxc6 Bxc6 8. e5 Nd7 9. e6 fxe6 10. Nf3 Qb6 11. Qxb6 axb6 12. 0-0-0 d4 13. Nxd4 Bxg2 14. Rhg1 Bc6 15. Nxe6 Kf7 16. Nd4 Nf6 17. Bc7 Ra6 18. a3 g6 19. Rge1 Bg7 20. Kb1 Rc8 21. Be5 Bd7 22. Ne4 h6 23. Rd2 Nxe4 24. Rxe4 Bxe5 25. Rxe5 Rc5 26. Re3 Ra8 27. Rde2 Re8 28. Nf3 Kf6 29. Ne5 Bf5 30. Kc1 Rec8 31. c3 Rd8 32. h3 Rcd5 33. Ng4+ Kg5 34. Re1 e6 35. Ne5 Kf4 36. Rf3+ Kg5 37. Nf7+ Kf6 38. Nxd8 Rxd8 39. Rfe3 g5 40. a4 h5 41. b3 h4 42. c4 Rd4 43. Kb2 Rf4 44. R1e2 g4 45. hxg4 Bxg4 46. Re1 Rxf2+ 47. Kc3 h3 48. Rg3 Bf5 49. Rh1 e5 50. Kb4 e4 51. a5 bxa5+ 52. Kxa5 Ke5 53. Kb6 Kf4 54. Rgxh3 Bxh3 55. Rxh3 Rb2 56. Kxb7 e3 57. c5 Rxb3+ 58. Kc7 e2 59. Rxb3 e1Q 60. Rb6 Qe7+ 61. Kc6 Ke5 62. Rb3 Qe6+ 63. Kc7 Qxb3 64. c6 Ke6 0-1

[Event "Titled Tuesday intern op 30th Jan Early"]
[Site "Chess.com INT"]
[Date "2024.01.30"]
[Round "5"]
[White "Demin, Vladimir"]
[Black "Warmerdam, Max"]
[Result "0-1"]
[WhiteElo "2430"]
[BlackElo "2625"]
[PlyCount "56"]
[EventDate "2024.01.30"]
[EventType "swiss (blitz)"]
[EventRounds "11"]
[EventCountry "USA"]
[SourceTitle "EXT 2025"]
[Source "ChessBase"]
[SourceDate "2024.10.14"]
[SourceVersion "1"]
[SourceVersionDate "2024.10.14"]
[SourceQuality "1"]

1. d4 d5 2. Nc3 Nf6 3. Bf4 c5 4. e4 cxd4 5. Qxd4 Nc6 6. Bb5 Bd7 7. Bxc6 Bxc6 8. e5 Nd7 9. e6 fxe6 10. Nf3 Qb6 11. Qxb6 axb6 12. 0-0-0 g5 13. Bxg5 Bg7 14. Rhe1 Bxc3 15. bxc3 Nc5 16. Nd4 Kd7 17. Nb3 Rxa2 18. Nxc5+ bxc5 19. Be3 b6 20. Kd2 Ba4 21. Rc1 e5 22. Bg5 e4 23. Bh4 Rg8 24. Bg3 h5 25. c4 e6 26. Re2 b5 27. f3 exf3 28. gxf3 bxc4 0-1

[Event "Titled Tuesday intern op 30th Jan Early"]
[Site "Chess.com INT"]
[Date "2024.01.30"]
[Round "6"]
[White "Foisor, Sabina Francesca"]
[Black "Demin, Vladimir"]
[Result "0-1"]
[WhiteElo "2200"]
[BlackElo "2430"]
[PlyCount "66"]
[EventDate "2024.01.30"]
[EventType "swiss (blitz)"]
[EventRounds "11"]
[EventCountry "USA"]
[SourceTitle "EXT 2025"]
[Source "ChessBase"]
[SourceDate "2024.10.14"]
[SourceVersion "1"]
[SourceVersionDate "2024.10.14"]
[SourceQuality "1"]

1. d4 Nf6 2. c4 e6 3. Nc3 d5 4. cxd5 exd5 5. Bg5 Be7 6. e3 0-0 7. Bd3 h6 8. Bh4 Bg4 9. Qc2 c5 10. Nge2 Nc6 11. a3 Qd7 12. dxc5 d4 13. exd4 Nxd4 14. Nxd4 Qxd4 15. 0-0 Qxc5 16. h3 Be6 17. Rac1 Rac8 18. Qe2 Qa5 19. Ne4 Qe5 20. Nxf6+ Bxf6 21. Bxf6 Qxf6 22. Qe4 g6 23. Qxb7 Rb8 24. Qxa7 Rxb2 25. Qe3 Rb3 26. Rfd1 Kg7 27. Qc5 Rd8 28. Be2 Ra8 29. Qd4 Rbxa3 30. Qxf6+ Kxf6 31. Bf3 R8a5 32. h4 h5 33. g3 Rxf3 0-1